Guía práctica del profesorado de lengua árabe y cultura marroquí : (Registro nro. 240340)

Detalles MARC
000 -LEADER
fixed length control field 02071nam a2200469Ii 4500
001 - CONTROL NUMBER
control field DIGMECD0140
003 - CONTROL NUMBER IDENTIFIER
control field NyNyDIG
008 - FIXED-LENGTH DATA ELEMENTS--GENERAL INFORMATION
fixed length control field 181102s2012 sp a o 000 0 spa d
006 - FIXED-LENGTH DATA ELEMENTS--ADDITIONAL MATERIAL CHARACTERISTICS
fixed length control field m o d
007 - PHYSICAL DESCRIPTION FIXED FIELD--GENERAL INFORMATION
fixed length control field cr |||||||||||
035 ## - SYSTEM CONTROL NUMBER
System control number (OCoLC)1060973170
040 ## - CATALOGING SOURCE
Original cataloging agency DGITA
Language of cataloging eng
Description conventions rda
-- pn
Transcribing agency DGITA
020 ## - INTERNATIONAL STANDARD BOOK NUMBER
International Standard Book Number 9788436952551
Qualifying information (eBook ;
-- pdf)
020 ## - INTERNATIONAL STANDARD BOOK NUMBER
International Standard Book Number 8436952553
Qualifying information (eBook ;
-- pdf)
020 ## - INTERNATIONAL STANDARD BOOK NUMBER
Canceled/invalid ISBN 9788436947144
020 ## - INTERNATIONAL STANDARD BOOK NUMBER
Canceled/invalid ISBN 8436947142
024 7# - OTHER STANDARD IDENTIFIER
Canceled/invalid standard number or code 660-09-093-6
Source of number or code nipo
041 1# - LANGUAGE CODE
Language code of text/sound track or separate title spa
-- ara
Language code of original spa
043 ## - GEOGRAPHIC AREA CODE
Geographic area code e-sp---
-- f-mr---
050 14 - LIBRARY OF CONGRESS CALL NUMBER
Classification number PJ6068.S7 ebook
082 04 - DEWEY DECIMAL CLASSIFICATION NUMBER
Classification number 492.782461
066 ## - CHARACTER SETS PRESENT
Alternate G0 or G1 character set (3
245 00 - TITLE STATEMENT
Title Guía práctica del profesorado de lengua árabe y cultura marroquí :
Remainder of title enseñanza de la lengua y cultura de origen, lengua árabe y cultura marroquí.
250 ## - EDITION STATEMENT
Edition statement Edición bilingüe español-árabe.
264 #1 - PRODUCTION, PUBLICATION, DISTRIBUTION, MANUFACTURE, AND COPYRIGHT NOTICE
Place of production, publication, distribution, manufacture [Madrid] :
Name of producer, publisher, distributor, manufacturer Ministerio de Educación, Subdirección General de Información y Publicaciones,
Date of production, publication, distribution, manufacture, or copyright notice [2012]
300 ## - PHYSICAL DESCRIPTION
Extent 1 online resource.
336 ## - CONTENT TYPE
Content type term text
Content type code txt
Source rdacontent
337 ## - MEDIA TYPE
Media type term computer
Media type code c
Source rdamedia
338 ## - CARRIER TYPE
Carrier type term online resource
Carrier type code cr
Source rdacarrier
546 ## - LANGUAGE NOTE
Language note Text in Spanish and Arabic.
588 0# - SOURCE OF DESCRIPTION NOTE
Source of description note Online resource; title from PDF title page (Digitalia, viewed November 6, 2018)
650 #0 - SUBJECT ADDED ENTRY--TOPICAL TERM
Topical term or geographic name entry element Arabic language
General subdivision Study and teaching
Geographic subdivision Spain.
651 #0 - SUBJECT ADDED ENTRY--GEOGRAPHIC NAME
Geographic name Morocco
General subdivision Civilization
-- Study and teaching
Geographic subdivision Spain.
655 #0 - INDEX TERM--GENRE/FORM
Genre/form data or focus term Electronic books.
791 2# -
-- Digitalia (Firm),
-- distributor.
793 0# -
-- Digitalia eBook Collection:
-- Ministerio de Educación, Cultura y Deporte de España
776 08 - ADDITIONAL PHYSICAL FORM ENTRY
Relationship information Print version:
Title Guía práctica del profesorado de lengua árabe y cultura marroquí.
Edition Edición bilingüe español-árabe.
Place, publisher, and date of publication [Madrid] : Ministerio de Educación, Subdirección General de Información y Publicaciones, 2009
International Standard Book Number 9788436947144
856 40 - ELECTRONIC LOCATION AND ACCESS
Materials specified Digitalia Hispánica
Uniform Resource Identifier <a href="https://www.digitaliapublishing.com/a/30227/">https://www.digitaliapublishing.com/a/30227/</a>
880 3# - ALTERNATE GRAPHIC REPRESENTATION
Linkage 246-00/(3/r
a دليل عملي لمدرسي اللغة العربية والثقافة المغربية
910 ## - USER-OPTION DATA (OCLC)
User-option data Premium collection: 2018
942 ## - ADDED ENTRY ELEMENTS (KOHA)
Koha item type Recurso Electrónico
Existencias
Withdrawn status Lost status Damaged status Not for loan Collection Home library Current library Date acquired Total checkouts Date last seen Price effective from Koha item type
        Digitalia Ebooks Hispanica Biblioteca Digital UIN Biblioteca Digital UIN 04/25/2025   04/25/2025 04/25/2025 Recurso Electrónico

CONTACTO


NOSOTROS


SITIOS DE INTERES

coordinacion.biblioteca.biblioteca@unienlinea.mx Misión, Visión y Objetivos Bases de datos
Directorio Bibliotecas Digitales y Repositorios
Normatividad Revistas y artículos
Convenios interbibliotecarios
Boletines



Hecho en México. Universidad Insurgentes (UIN). Todos los derechos reservados 2024. Esta página y sus contenidos pueden ser reproducidos con fines no lucrativos, siempre y cuando no se mutile, se cite la fuente completa y su dirección electrónicas. De otra forma requiere permiso previo por escrito de la institución




2024 Copyright Universidad Insurgentes | www.bibliouin.com.mx